000 00755nam a2200217 i 4500
001 bg
245 0 0 _aIII Sympozjum na temat Badanie przyczyn i zapobieganie awariom konstrukcji budowlanych :
_bSzczecin, 8 grudnia 1977 : sprawozdanie /
_c[oprac. Janina Fenrychowa et al.].
246 _aBadanie przyczyn i zapobieganie awariom konstrukcji budowlanych
260 _aSzczecin :
_bWydawnictwo Uczelniane Politechniki Szczecińskiej,
_c1978.
650 4 _aKonstrukcje budowlane
_xbezpieczeństwo
655 4 _aMateriały konferencyjne
700 1 _aFenrychowa, Janina.
_eOprac.
040 _cBPK
041 _apol
080 _a624
080 _a69
080 _a614.7
080 _a(06)
942 _cKS
008 s pl f |000 0 pol
999 _c17932
_d17932
856 _uhttp://koha.tu.koszalin.pl/cgi-bin/koha/opac-detail.pl?biblionumber=17932
_yKatalog online BPK